|
|
|
|
| LEADER |
00000nam a2200000 a 4500 |
| 001 |
vtls001363375 |
| 003 |
SK-MaSNL |
| 005 |
20260301010746.0 |
| 008 |
240314s1970 xx 0 und |
| 035 |
|
|
|a SNK000316995
|
| 040 |
|
|
|a SNK
|b slo
|c SNK
|e AACR2
|
| 100 |
1 |
|
|a Hanker, Jozef,
|d 1934-2025
|4 aut
|9 260423
|
| 245 |
1 |
0 |
|a Aspekty ergonómie pri racionalizácii práce 12
|
| 260 |
|
|
|a Bratislava
|b Práca
|c 1970
|
| 300 |
|
|
|a 197 s.
|
| 958 |
|
|
|a OND
|
| 999 |
|
|
|c 549005
|d 550935
|
| 952 |
|
|
|a SNK
|b SNK
|y PREZ
|7 0
|p 17A0896205
|o snkSD 38289
|0 0
|1 0
|4 0
|d 2013-08-13
|l 0
|r 2026-02-23 13:04:47
|w 2026-02-23
|
| 952 |
|
|
|t P60, <04>, [BOOK], {604}
|a SNK
|b SNK
|y VYP
|7 0
|p 17A0193362
|o snkSD 38289 D1
|0 0
|1 0
|4 0
|d 1999-05-14
|l 0
|r 2005-01-02 00:00:00
|w 2026-02-23
|